000 00593nam a2200241Ia 4500
003 OSt
005 20220918175844.0
006 a|||||r|||| 00| 0
007 ta
008 220917b |||||||| |||| 00| 0 eng d
024 _a19,268
037 _cTextual
040 _aARTS
_cARTS
_beng
041 _2eng
_aeng
082 _aO:1J75:1, F5
100 _aMarston John
245 0 _aScourge of Villanai
260 _c1925
490 _aBodley Head Quartos; 13
650 _aENGLISH LITERATURE
942 _hO:1J75:1, F5
_cTEXL
_2CC
999 _c159239
_d159239